• Thompson Chester

di Personal Name

Records bibliografici associati: 1

001 - CONTROL NUMBER

  • control field: 2765

003 - CONTROL NUMBER IDENTIFIER

  • control field: IT-RoPau

005 - DATE AND TIME OF LATEST TRANSACTION

  • control field: 20131121145959.0

008 - FIXED-LENGTH DATA ELEMENTS

  • fixed length control field: 131121|| aca||aabn | a|a d

040 ## - CATALOGING SOURCE

  • Original cataloging agency: IT-RoPau
  • Transcribing agency: IT-RoPau

100 ## - HEADING--PERSONAL NAME

  • Personal name: Thompson Chester
  • Miscellaneous information: Codice autore testo/musica SPICS: 20798
  • Relator term: Autore testo/musica
  • Name of part/section of a work: Streetmasse: a Small Package of Value Will Come To You, Shortly

670 ## - SOURCE DATA FOUND

  • Source citation: Work cat.: (IT-RoPau)101102: Autore musica 2759, After Bathing At Baxter's (Rca Lsp-4545)
CREDITS: SOCIETA' SAN PAOLO Via A.Severo, 58 - ROMA (RM) & PERIODICI SAN PAOLO SRL Via Giotto, 36 MILANO & CISF Via Giotto, 36 MILANO & EDIZIONI SAN PAOLO SRL,  Piazza Soncino, 5 CINISELLO BALSAMO (MI) -- ITALY